000 00449nam a22001817a 4500
999 _c7849
_d7847
005 20220120122458.0
008 220120b ||||| |||| 00| 0 eng d
020 _a978-93-88902-75-5
041 _aeng
082 _a611.9
100 _aCHAURASIA'S, B.D
_96966
245 _aHUMAN ANATOMY:BRAIN NEUROANATOMY [VOL-4]
250 _a8TH ED.
260 _aNEW DELHI
_bCBS PUB.PVT.LTD
_c2020
300 _a226;p
650 _aB.P.T
_96967
942 _cBK